Cette-année là: 1807 - Statistiques

Statistiques générales
  • Ce quiz a été pris 24 fois
  • Le résultat moyen est 5 sur 10
Statistiques - réponses
Indices Réponses % Correct
26 novembre: La famille royale de ce même pays s'exile dans cette colonie. Brésil
78%
22 octobre: La France et ses alliés déclarent la guerre à ce pays qui refusent d'appliquer le blocus continental. Portugal
78%
16 août: Jeune frère de l'Empereur je deviens Roi de Westphalie. Jérôme Bonaparte
72%
8 février: victoire contre la Russie en Prusse orientale. Bataille d'Eylau
61%
22 juillet: Ce royaume est refondé sous la tutelle française. Pologne (Grand duché de Varsovie)
61%
16 septembre: Cette juridiction financière est créée La Cour des Comptes
44%
14 juin: Victoire décisive contre la Russie Bataille de Friedland
39%
7 juillet: Traité de paix entre la France et la Russie Traité de Tilsit
39%
5 février: Ce mentor de Napoléon meurt à 81 ans. Pascal Paoli
28%
9 mars: Cette institution juive publie le statut des juifs avec l'accord de Napoléon Grand Sanhédrin
17%
Aucun quiz correspondant
Distribution des résultats
% des personnes avec chaque résultat
Percentile par nombre de réponses
Votre historique - résultats
Vous n’avez pas pris ce quiz